| 000 | 00951nam a22002537a 4500 | ||
|---|---|---|---|
| 999 |
_c1668 _d1668 |
||
| 003 | AR-CdUCM | ||
| 008 | 190227b ||||| |||| 00| 0 spa d | ||
| 020 | _a968-6229-94-9 | ||
| 040 |
_aMUNICIPALIDAD PROVINCIAL DEL CUSCO _cBIBLIOTECA MUNICIPAL DEL CUSCO |
||
| 082 |
_a306.4 / _b M83 |
||
| 100 |
_aMorse, Richard M. _96193 |
||
| 245 |
_aResonancias del nuevo mundo : _bCultura e ideología en América Latina / |
||
| 260 |
_aMéxico, D.F : _bEdit. Vuelta, _c1995. |
||
| 300 |
_aVI, 9-418 paginas : _c21 cm. |
||
| 500 | _aTitulo original : New world soundings: culture and ideology in the Americas | ||
| 505 | _aEl habla y la expresión --Ideología y cultura política --La transacción ... | ||
| 650 |
_aLiteratura latinoamericana _96194 |
||
| 650 |
_aAmérica Latina _91130 |
||
| 650 |
_aVida intelectual _96195 |
||
| 650 |
_aHistoria _9136 |
||
| 700 |
_aBrash, Jorge (Traductor) _96196 |
||
| 942 |
_2ddc _cLIBROS |
||
| 945 |
_arjall _d2019-02-27 |
||